000 00653cab a2200229 4500
001 WB3330-02
008 090401t1997 xxu||||| |||| 00| 0 eng d
035 _a(Sirsi) u80049
041 _aeng
245 _a£1bn repair fund for schools
260 _c1997
350 _a0
490 _aIndependent
_v31 July 1997, 6(1)
520 _aLocal educational authorities are to receive a minimum annual allocation for essential repairs plus extra according to need.
650 _aCAPITAL FUNDING
650 _aEDUCATIONAL BUILDINGS
650 _aREPAIRS
650 _aSCHOOLS
690 _aBUILT ENVIRONMENT
942 _n0
948 _c01/08/1997
999 _c50387
_d50387